Nobody's Son - Sabrina Carpenter (All Lyrics) - Statistics

General Stats
  • This quiz has been taken 485 times
  • The average score is 225 of 254
Answer Stats
Lyrics % Correct
I
100%
a
99%
he
99%
(He
99%
He
99%
me
98%
Me?
98%
me,
98%
And
97%
and
97%
And,
97%
go
97%
I'm
97%
in
97%
in,
97%
So
97%
so
97%
that
97%
That
97%
the
97%
we
97%
you
97%
for
96%
love
96%
No,
96%
no
96%
on
96%
again,
95%
Here
95%
to
95%
your
95%
crying
94%
what
94%
What
94%
bed
93%
feeling
93%
is
93%
nobody's
93%
one
93%
son
93%
All
92%
boy
92%
call
92%
familiar
92%
my
92%
baby
91%
corrupt
91%
"Hi,
91%
friends
90%
they
90%
third
90%
up
90%
'bout
89%
talkin'
89%
yes,
89%
it
88%
said
88%
wheeling
88%
believe
86%
(Believe
86%
it's
86%
like
86%
sure
86%
you're
86%
can
85%
fucked
85%
he's
85%
left
85%
Not
85%
rest
85%
That's
85%
think
85%
guessed
84%
Probably
84%
yeah,
84%
anyone
83%
hope
83%
There's
83%
time
83%
break
82%
should've
82%
took
82%
emotionally"
81%
grow
81%
Just
81%
daily
80%
great
80%
good
78%
maybe
78%
Could
77%
would
77%
PTSD
76%
him
75%
(Oh)
75%
oh,
75%
oh)
75%
control
74%
deceiving
74%
thought
74%
eventually
73%
fine
73%
self
73%
But
72%
discovered
71%
this
70%
This
70%
Get
69%
out
68%
raise
68%
reach
64%
week)
64%
week
64%
(Ah)
58%
Cave
53%
siree,
53%
woah,
20%
woah
20%
No matching quizzes found
Score Distribution
Percent of People with Each Score
Percentile by Number Answered
Your Score History
You have not taken this quiz